000 00258nam a2200121Ia 4500
100 _a#N/A
650 _aComputer/ IT
942 _cBK
654 _asimulation
245 _aApplied Simulation Modeling Course Technology
260 _b#N/A
546 _aENGLISH
999 _c32428
_d32428